Statistics for Modern-Day Countries Affected by the Black Death

Click here to take the quiz!

General Stats

  • This quiz has been taken 151 times
  • The average score is 47 of 57

Answer Stats

Answer % Correct
United Kingdom
96%
Spain
93%
Russia
93%
Portugal
92%
Greece
91%
Sweden
91%
Germany
91%
France
91%
Finland
90%
Turkey
89%
Norway
89%
Estonia
89%
Latvia
89%
Italy
88%
Iraq
88%
Lithuania
88%
Ireland
88%
Poland
87%
Andorra
87%
Ukraine
87%
Belgium
87%
Austria
87%
Denmark
86%
Switzerland
86%
Romania
85%
San Marino
85%
Serbia
85%
Slovakia
85%
Slovenia
85%
Albania
85%
Vatican City
85%
Egypt
85%
Croatia
84%
China
83%
Netherlands
83%
Israel
82%
Bulgaria
82%
Iceland
82%
Bosnia and Herzegovina
81%
India
81%
Kosovo
80%
Hungary
80%
Monaco
80%
Luxembourg
79%
Montenegro
79%
Malta
79%
Belarus
78%
Moldova
77%
Armenia
77%
Saudi Arabia
75%
Syria
75%
Lebanon
74%
Liechtenstein
74%
Czech Republic
74%
Macedonia
72%
Yemen
66%
Kyrgyzstan
34%

Score Distribution

Percentile by Number Answered

Percent of People with Each Score

Your Score History

You have not taken this quiz